000 00477nam a22001817a 4500
003 DO-SdBNP
005 20221031151346.0
007 ta
008 221031b1980 dr ||||| |||| 00| 0 spa d
040 _aDO-SdBNP
_bspa
_cBNPHU
082 4 _222
245 0 0 _aExpositor biblico para maestros :
_bla historia posterior a Juda
260 _aSanto Domingo :
_bs.n.,
_c1980.
300 _a96 p. ;
_c22 cm.
590 _aInventariado, 2022/BT
910 _aBtavárez
942 _2ddc
_cLBS1
999 _c52683
_d52683